Normal view
MARC view
Entry Personal Name
001 - CONTROL NUMBER
- control field: 79264
003 - CONTROL NUMBER IDENTIFIER
- control field: dpl
005 - DATE AND TIME OF LATEST TRANSACTION
- control field: 20250305120802.0
008 - FIXED-LENGTH DATA ELEMENTS
- fixed length control field: 250305|| aca||aabn | a|a d
040 ## - CATALOGING SOURCE
- Original cataloging agency: dpl
- Transcribing agency: dpl
100 ## - HEADING--PERSONAL NAME
- Personal name: स्प्रिंगर, नैंसी
670 ## - SOURCE DATA FOUND
- Source citation: Work cat.: (dpl)210085: स्प्रिंगर, नैंसी, एनोला होम्स/, 2023
